000 00812cam a2200205 4500
001 WB3643-17
008 000000n2000 000 0 eng u
035 _a(Sirsi) u109087
245 _aGlobal warming wake-up call
260 _c2000
490 _aDETR News Release
_v(677) 1 November 2000, (1)
520 _aA major new EU report confirms the deputy prime minister's warning that climate change poses one of the most serious environmental challenges. Copies of the draft UK Climate Change Programme and a summary are available on the DETR website at www.detr.gov.uk
590 _aWB
650 _aCLIMATE CHANGE
650 _aGREENHOUSE GASES
650 _aCARBON DIOXIDE EMISSIONS
650 _aGLOBAL WARMING
690 _aENVIRONMENTAL AND LAND CONSULTANCY-ENVIRONMENTAL MANAGEMENT
942 _n0
999 _c65143
_d65143